000 00465nam a2200169Ia 4500
005 20260122095429.0
008 260121s9999||||xx |||||||||||||| ||und||
020 _a9781788117098
082 _a338.4791
_bMCC
100 _aMccool, F. Stephen
245 0 _aResearch agenda for sustainable tourism /
260 _aUnited Kingdom :
_bEdward Elgar,
_c2019.
300 _axiv, 255 p.; pbk
650 _aResearch Agenda
650 _aSustainable tourism
942 _cTB
999 _c47642
_d47642